000 00771nas a2200229 i 4500
001 179437
003 ES-MaACL
005 20250217134903.0
008 111129d1920 | | ||pa d
022 _a9933-5530
080 _a37
100 0 _aBlanco y Sánchez, Rufino.
_929311
245 1 3 _aEl Año pedagógico hispano americano
_b: monografias pedagógicas : crónica mundial de la enseñanza, 2000 notas bibliográficas /
_cR. Blanco y Sánchez.
260 _aMadrid :
_bPerlado, Páez y Compañía,
_c1920.
300 _aVIII, 316 p. ;
_c25 cm.
362 0 _aT. 1 (1920)
650 4 _aPedagogía-
_vBibliografías.
_9153809
785 0 0 _tAnuario de bibliografía pedagógica
852 _aES-MaACL
_jB-13044
866 0 1 _o1920
999 _c179437
_d179437